000 00358nam a2200145 a 4500
005 20140412111428.0
008 090224s19uu xx 00 eng d
020 _a2-7641-1846-5
050 _aER
_bPi65 2005
100 _aFonte, Isabel
245 _aPinocchio /
_cIsabel Fonte.
260 _aCanada :
_bTormont,
_c2005.
300 _a24p.
999 _c106281
_d106281